000 00603nam a2200205Ia 4500
001 5263
003 GE_BSU
008 181216s||||||||xx |||||||||||||| ||und||
040 _cGE_BSU
080 _a530
100 _aБоровиков, В.А.
245 _aДифракция на многоугольниках и многранниках
245 _cРед. М.Ф.Федорюк
260 _aМосква
260 _bНаука.
260 _c1966
300 _a455 с;20 см.
653 _aДифракция на многоугольниках и многранниках
942 _cBK
999 _c38853
_d38853